000 00333 a2200145 4500
001 121457
020 _a9788540308916
040 _cEscola Canadense de Niteroi
100 _aMaria Amélia Vieira
245 1 0 _aViver Valores - Geografia 3º Ano
362 0 _a2018
490 0 _aViver Valores
650 4 _aGeografia
942 _cBK
999 _c121457
_d121457